000 00278nam a22001097a 4500
008 230629b xxu||||| |||| 00| 0 eng d
082 _211
_a346.08
_bVAR 1986
245 _aBanking Law and Practice
260 _aIndia
_bSultan Chand & Sons
_c1986
300 _a479p
942 _2ddc
_cBK
999 _c3113
_d3113